00568cam a2200193 4500008004100000020001500041035001200056050002300068100001900091245004700110250001200157260007400169300002600243440002700269506002900296650001500325650001900340700001500359040604t20022002nyua gr 000 0 eng u a0879696117 aa43755000aQH437.5 bB35 20021 aBalkwill, Fran10aGene machines /cFran Balkwill & Mic Rolph a1a. ed. aCold Spring Harbor NY. :bCold Spring Harbor Laboratory Press, c2002 a31 p. :bil. ;c20 cm aEnjoy Your cells ;v 4 aRecursos propios escuela10aGénetica20aReproducción1 aRolph, Mic